000 00663nam a2200229Ia 4500
003 OSt
005 20230420115644.0
008 210423s2010 xx 000 0 und d
020 _a9788120339750
040 _cAL
041 _aeng
082 _a338.83
_223
_b RAYK
100 _aRAY (Kamal Ghosh)
_991012
245 _aMergers and acquisitions: strategy valuation and integration
260 _aNew Delhi
_bPHI Learning Pvt Ltd
_c2010
300 _axxi,869
_bPB
365 _b475
_cINR
650 _aEconomics
_991013
650 _aMergers & Acquisitions
_991014
906 _aacquisitions: ; integration ; Mergers ; strategy ; valuation
942 _2ddc
_cBK
999 _c160813
_d160813